Merry Christmas, Strega Nona / (Registro nro. 9808)

Detalles MARC
000 -LEADER
fixed length control field 00792cam a2200313 a 4500
001 - CONTROL NUMBER
control field 19322
003 - CONTROL NUMBER IDENTIFIER
control field DO-SdBNP
005 - DATE AND TIME OF LATEST TRANSACTION
control field 20180403104630.0
007 - PHYSICAL DESCRIPTION FIXED FIELD--GENERAL INFORMATION
fixed length control field 19322
008 - FIXED-LENGTH DATA ELEMENTS--GENERAL INFORMATION
fixed length control field 860221s1986 xxu a 000 1 eng
010 ## - LIBRARY OF CONGRESS CONTROL NUMBER
LC control number 86004639
020 ## - INTERNATIONAL STANDARD BOOK NUMBER
International Standard Book Number 0590460609
040 ## - CATALOGING SOURCE
Original cataloging agency BPMSU
Transcribing agency spa
Modifying agency BPMSU
042 ## - AUTHENTICATION CODE
Authentication code
050 00 - LIBRARY OF CONGRESS CALL NUMBER
Classification number
Item number
082 00 - DEWEY DECIMAL CLASSIFICATION NUMBER
Classification number
Edition number
100 1# - MAIN ENTRY--PERSONAL NAME
Personal name Tomie, Paola de,
Dates associated with a name 1934-
245 10 - TITLE STATEMENT
Title Merry Christmas, Strega Nona /
Statement of responsibility, etc. story and pictures by Tomie de Paola.
250 ## - EDITION STATEMENT
Edition statement
260 ## - PUBLICATION, DISTRIBUTION, ETC. (IMPRINT)
Place of publication, distribution, etc. New York :
Name of publisher, distributor, etc. Scholastic,
Date of publication, distribution, etc. 1986.
300 ## - PHYSICAL DESCRIPTION
Extent [32 p.] :
Other physical details il. ;
Dimensions 29 cm.
520 ## - SUMMARY, ETC.
Summary, etc.
650 #1 - SUBJECT ADDED ENTRY--TOPICAL TERM
Topical term or geographic name as entry element Witches
Form subdivision Fiction.
650 #1 - SUBJECT ADDED ENTRY--TOPICAL TERM
Topical term or geographic name as entry element Christmas
Form subdivision Fiction.
856 42 - ELECTRONIC LOCATION AND ACCESS
Materials specified
Uniform Resource Identifier <a href=" "> </a>
942 ## - ADDED ENTRY ELEMENTS (KOHA)
Source of classification or shelving scheme Dewey Decimal Classification
Koha item type Libros
945 ## - LOCAL PROCESSING INFORMATION (OCLC)
a Inventariado, 2018/ YL
956 ## - LOCAL ELECTRONIC LOCATION AND ACCESS (OCLC)
Linkage 20160418
Field link and sequence number BPMSU
Host name VMATEO
Access number 10
Path 0069
Existencias
Withdrawn status Lost status Source of classification or shelving scheme Damaged status Not for loan Collection code Home library Current library Date acquired Source of acquisition Total Checkouts Barcode Date last seen Price effective from Koha item type
    Dewey Decimal Classification     Colección Infantil General Biblioteca Pública Metropolitana Salomé Ureña Biblioteca Pública Metropolitana Salomé Ureña 04/18/2016 FUNDI   BPMSU16040502 04/18/2016 04/18/2016 Libros